[Event "Marienbad Open 2022 - B2 IM Round Robin"]
[Site "Continental hotel, Marianske Lazne"]
[Date "2022.01.18"]
[Round "5"]
[Board "5"]
[White "Vojta, Jakub"]
[Black "Klek, Hanna Marie"]
[Result "1-0"]
[WhiteElo "2216"]
[BlackElo "2341"]
[PlyCount "79"]
[EventDate "2022.01.15"]
[EventRounds "9"]
[EventCountry "CZE"]

1. Nf3 d5 2. c4 d4 3. b4 f6 4. e3 e5 5. c5 a5 6. Qa4+ Bd7 7. b5 dxe3 8. fxe3
Bxc5 9. Bc4 Nh6 10. O-O Bd6 11. Nc3 Bg4 12. d4 Nd7 13. Qc2 Nb6 14. Bb3 Qd7 15.
dxe5 fxe5 16. Ng5 a4 17. Bf7+ Kd8 18. h3 Bf5 19. e4 Nxf7 20. exf5 Bc5+ 21. Kh1
Nxg5 22. Bxg5+ Kc8 23. Ne4 Bd4 24. Rac1 Kb8 25. Nc5 Bxc5 26. Qxc5 Ra5 27. Rfd1
Rxb5 28. Rxd7 Rxc5 29. Rxg7 Rxc1+ 30. Bxc1 Nd5 31. g4 e4 32. Kg2 e3 33. g5 e2
34. Kf2 Re8 35. Bd2 Nf4 36. f6 Nxh3+ 37. Ke1 Ng1 38. f7 Rc8 39. Rg8 Nf3+ 40.
Kf2  1-0

[Event "Marienbad Open 2022 - B2 IM Round Robin"]
[Site "Continental hotel, Marianske Lazne"]
[Date "2022.01.19"]
[Round "6"]
[Board "2"]
[White "Richter, Nils"]
[Black "Vojta, Jakub"]
[Result "1/2-1/2"]
[WhiteElo "2270"]
[BlackElo "2216"]
[PlyCount "62"]
[EventDate "2022.01.15"]
[EventRounds "9"]
[EventCountry "CZE"]

1. d4 Nf6 2. c4 g6 3. g3 Bg7 4. Bg2 O-O 5. Nc3 d6 6. Nf3 Nbd7 7. O-O c6 8. e4
Qc7 9. h3 e5 10. Re1 a6 11. Be3 Ne8 12. Qc2 f5 13. exf5 gxf5 14. dxe5 dxe5 15.
Ng5 Qd6 16. c5 Qg6 17. Kh2 Kh8 18. f4 e4 19. Ncxe4 h6 20. Nf3 fxe4 21. Nh4 Qh5
22. Bxe4 Ndf6 23. Bf3 Qf7 24. Bf2 Be6 25. Rxe6 Qxe6 26. Re1 Qxa2 27. Ng6+ Kg8
28. Ne7+ Kh8 29. Ng6+ Kg8 30. Ne7+ Kh8 31. Ng6+ Kg8  1/2-1/2

[Event "Marienbad Open 2022 - B2 IM Round Robin"]
[Site "Continental hotel, Marianske Lazne"]
[Date "2022.01.19"]
[Round "6"]
[Board "3"]
[White "Pisk, Petr"]
[Black "Ochedzan, Tymon"]
[Result "1-0"]
[WhiteElo "2329"]
[BlackElo "2350"]
[PlyCount "65"]
[EventDate "2022.01.15"]
[EventRounds "9"]
[EventCountry "CZE"]

1. d4 Nf6 2. Nf3 c5 3. e3 g6 4. c3 b6 5. Bd3 Bb7 6. O-O Bg7 7. Qe2 O-O 8. Nbd2
d6 9. h3 Nbd7 10. a4 a6 11. a5 b5 12. Re1 Qc7 13. c4 bxc4 14. Nxc4 Bxf3 15.
Qxf3 d5 16. Nb6 Nxb6 17. axb6 Qxb6 18. dxc5 Qxc5 19. Rxa6 Rxa6 20. Bxa6 Rb8 21.
Bd3 Nd7 22. e4 Bd4 23. Rf1 Ne5 24. Qf4 Rb4 25. Bb1 dxe4 26. Bxe4 Nd7 27. Bd2
Rxb2 28. Rc1 Bxf2+ 29. Kf1 Qd6 30. Qxd6 exd6 31. Rc8+ Nf8 32. Bh6 Bc5 33. Rxf8#
 1-0

[Event "Marienbad Open 2022 - B2 IM Round Robin"]
[Site "Continental hotel, Marianske Lazne"]
[Date "2022.01.19"]
[Round "6"]
[Board "5"]
[White "Bomans, Arno"]
[Black "Acor, Corey"]
[Result "0-1"]
[WhiteElo "2246"]
[BlackElo "2303"]
[PlyCount "88"]
[EventDate "2022.01.15"]
[EventRounds "9"]
[EventCountry "CZE"]

1. d4 Nf6 2. Bg5 Ne4 3. Bf4 c5 4. f3 Qa5+ 5. c3 Nf6 6. d5 d6 7. e4 g6 8. Na3
Bg7 9. Nc4 Qd8 10. a4 b6 11. Qd2 O-O 12. Ne2 Re8 13. Ng3 h5 14. Be2 Nbd7 15.
O-O a6 16. Nh1 Bb7 17. Nf2 Nh7 18. Bh6 Bxh6 19. Qxh6 b5 20. Ne3 c4 21. f4 e5
22. Bxh5 exf4 23. Qxf4 gxh5 24. Nf5 Ne5 25. Nh3 Kh8 26. Qh6 Rg8 27. Qxd6 Qxd6
28. Nxd6 Bc8 29. Nf4 Rd8 30. Nxc8 Raxc8 31. Nxh5 Rc7 32. Rf5 Nd3 33. axb5 axb5
34. Ra6 Kg8 35. Rb6 b4 36. Nf4 bxc3 37. bxc3 Re8 38. d6 Ra7 39. Nxd3 cxd3 40.
Rd5 Nf6 41. Rxd3 Ra1+ 42. Kf2 Nxe4+ 43. Ke2 Nxd6+ 44. Kf3 Nc4  0-1

[Event "Marienbad Open 2022 - B2 IM Round Robin"]
[Site "Continental hotel, Marianske Lazne"]
[Date "2022.01.20"]
[Round "7"]
[Board "1"]
[White "Acor, Corey"]
[Black "Hari, Charan Sai Kalluri"]
[Result "1-0"]
[WhiteElo "2303"]
[BlackElo "2160"]
[PlyCount "61"]
[EventDate "2022.01.15"]
[EventRounds "9"]
[EventCountry "CZE"]

1. e4 c5 2. Nc3 Nc6 3. g3 g6 4. Bg2 Bg7 5. d3 e6 6. Be3 d6 7. Qd2 Rb8 8. f4
Nge7 9. Nf3 b5 10. d4 b4 11. Ne2 Qb6 12. dxc5 dxc5 13. e5 Ba6 14. Nc1 Nf5 15.
Nb3 Rd8 16. Qf2 Nxe3 17. Qxe3 c4 18. Qxb6 axb6 19. Nbd2 c3 20. bxc3 bxc3 21.
Ne4 O-O 22. Rb1 Nd4 23. Nxd4 Rxd4 24. Rxb6 Bc4 25. Rb4 Rc8 26. Nxc3 Bf8 27. Ra4
Bc5 28. Ne4 Bb6 29. Nd6 Rc5 30. c3 Rd3 31. Rxc4  1-0

[Event "Marienbad Open 2022 - B2 IM Round Robin"]
[Site "Continental hotel, Marianske Lazne"]
[Date "2022.01.20"]
[Round "7"]
[Board "2"]
[White "Meszaros, Andras"]
[Black "Bomans, Arno"]
[Result "0-1"]
[WhiteElo "2217"]
[BlackElo "2246"]
[PlyCount "90"]
[EventDate "2022.01.15"]
[EventRounds "9"]
[EventCountry "CZE"]

1. d4 Nf6 2. Nf3 g6 3. Bf4 Bg7 4. h3 O-O 5. e3 d6 6. c4 c5 7. Be2 Qb6 8. Qb3
Qxb3 9. axb3 Nc6 10. dxc5 dxc5 11. Nc3 b6 12. O-O Bb7 13. Rfd1 Na5 14. Ra3 Rfd8
15. Rxd8+ Rxd8 16. Nb5 Ne4 17. Nxa7 Bxb2 18. Ra2 Bf6 19. Bc7 Rd7 20. Nb5 Nxb3
21. Ra7 Bc6 22. Bxb6 Nc1 23. Kf1 Nxe2 24. Rxd7 N2g3+ 25. fxg3 Bxd7 26. Ke1 Be6
27. Nd2 Nxd2 28. Kxd2 Bxc4 29. Nc3 Bf1 30. Nd5 Be5 31. Nxe7+ Kg7 32. Ke1 Bxg2
33. Kf2 Bxh3 34. Bxc5 Kf6 35. Nd5+ Kf5 36. Nf4 Bg4 37. Nd3 Bc7 38. Bd4 Bd1 39.
Kg2 Bc2 40. Nf2 h5 41. Bc3 g5 42. Bd2 Be4+ 43. Nxe4 Kxe4 44. Kf2 Kd3 45. Bc1 g4
 0-1

[Event "Marienbad Open 2022 - B2 IM Round Robin"]
[Site "Continental hotel, Marianske Lazne"]
[Date "2022.01.20"]
[Round "7"]
[Board "3"]
[White "Ochedzan, Tymon"]
[Black "Michalek, Jan"]
[Result "0-1"]
[WhiteElo "2350"]
[BlackElo "2249"]
[PlyCount "76"]
[EventDate "2022.01.15"]
[EventRounds "9"]
[EventCountry "CZE"]

1. e4 c5 2. Nf3 Nc6 3. d4 cxd4 4. Nxd4 Nf6 5. Nc3 e5 6. Ndb5 d6 7. Bg5 a6 8.
Na3 b5 9. Bxf6 gxf6 10. Nd5 Bg7 11. g3 Ne7 12. Nxe7 Qxe7 13. c4 O-O 14. cxb5 d5
15. Bg2 dxe4 16. O-O f5 17. Re1 Rb8 18. Bf1 axb5 19. Nxb5 Be6 20. Qe2 Rfd8 21.
Rec1 Rd3 22. a4 Qb4 23. Rc3 Rbd8 24. Nc7 Bc8 25. Rc2 f4 26. a5 fxg3 27. hxg3
Qd4 28. Ra3 Bf8 29. Nb5 Qd7 30. Qxe4 Rd1 31. Rb3 Bb7 32. Qe2 Qd5 33. f3 Qxb3
34. Rc3 Qd5 35. Nc7 Qxa5 36. Nb5 Qa1 37. Na3 Rxf1+ 38. Qxf1 Rd1  0-1

[Event "Marienbad Open 2022 - B2 IM Round Robin"]
[Site "Continental hotel, Marianske Lazne"]
[Date "2022.01.20"]
[Round "7"]
[Board "4"]
[White "Vojta, Jakub"]
[Black "Pisk, Petr"]
[Result "1-0"]
[WhiteElo "2216"]
[BlackElo "2329"]
[PlyCount "109"]
[EventDate "2022.01.15"]
[EventRounds "9"]
[EventCountry "CZE"]

1. Nf3 d6 2. e4 e5 3. d4 exd4 4. Nxd4 Nf6 5. Nc3 Be7 6. Be2 O-O 7. O-O Nc6 8.
Be3 Re8 9. f4 Bf8 10. Bf3 Bd7 11. Kh1 Nxd4 12. Bxd4 Bc6 13. Qd3 Nd7 14. Rad1 a6
15. b4 Nb6 16. a3 Qd7 17. Bxb6 cxb6 18. Nd5 Bxd5 19. Qxd5 Qc7 20. c4 Rac8 21.
Bg4 Rcd8 22. Rd4 Be7 23. Rfd1 Bf6 24. R4d3 g6 25. g3 Kg7 26. Kg2 Kg8 27. Kf3
Kg7 28. h4 h5 29. Bh3 Rh8 30. a4 Qb8 31. a5 Qc7 32. Rb1 bxa5 33. bxa5 Rb8 34.
Rdb3 Qc5 35. Qxc5 dxc5 36. Rxb7 Rxb7 37. Rxb7 Bc3 38. Ra7 Rd8 39. Be6 Bxa5 40.
Rxf7+ Kh8 41. Bd5 Rb8 42. Rb7 Rf8 43. e5 Bd8 44. Ke4 a5 45. Kd3 a4 46. Ra7 Bb6
47. Rxa4 Kg7 48. Ke4 Rb8 49. Ra6 Kf8 50. f5 gxf5+ 51. Kxf5 Bd8 52. Ke6 Bc7 53.
Bc6 Bb6 54. Ra8 Rxa8 55. Bxa8  1-0

[Event "Marienbad Open 2022 - B2 IM Round Robin"]
[Site "Continental hotel, Marianske Lazne"]
[Date "2022.01.20"]
[Round "7"]
[Board "5"]
[White "Klek, Hanna Marie"]
[Black "Richter, Nils"]
[Result "1/2-1/2"]
[WhiteElo "2341"]
[BlackElo "2270"]
[PlyCount "94"]
[EventDate "2022.01.15"]
[EventRounds "9"]
[EventCountry "CZE"]

1. e4 c5 2. Nf3 e6 3. d4 cxd4 4. Nxd4 Nc6 5. Nc3 Qc7 6. Be3 a6 7. Qf3 Nf6 8.
O-O-O Ne5 9. Qg3 b5 10. a3 Bb7 11. Bxb5 Rc8 12. Ba4 Nxe4 13. Nxe4 Bxe4 14. Bf4
Qa5 15. Bxe5 Qxa4 16. Rd2 h5 17. Re1 Bg6 18. h4 Bb4 19. c3 O-O 20. Nc2 Be7 21.
f4 Rc4 22. Bd4 Rxd4 23. Nxd4 Bf6 24. Ree2 Rc8 25. Qe3 Qc4 26. Kd1 Bxh4 27. g3
Bf6 28. Ke1 d6 29. Nf3 Qc6 30. Rd1 Bf5 31. Red2 Bg4 32. Kf2 Rb8 33. Re1 Bd8 34.
Nd4 Qc8 35. Kg2 Bb6 36. Qe4 d5 37. Qd3 Bd8 38. Rc1 Bf6 39. c4 dxc4 40. Rxc4
Qb7+ 41. Nc6 Rd8 42. Qc2 Rxd2+ 43. Qxd2 Bxb2 44. Qb4 Qb5 45. Qxb5 axb5 46. Rb4
Bxa3 47. Rxb5 Bd6  1/2-1/2

[Event "Marienbad Open 2022 - B2 IM Round Robin"]
[Site "Continental hotel, Marianske Lazne"]
[Date "2022.01.21"]
[Round "8"]
[Board "1"]
[White "Hari, Charan Sai Kalluri"]
[Black "Richter, Nils"]
[Result "0-1"]
[WhiteElo "2160"]
[BlackElo "2270"]
[PlyCount "92"]
[EventDate "2022.01.15"]
[EventRounds "9"]
[EventCountry "CZE"]

1. c4 e6 2. Nf3 d5 3. d4 a6 4. Nc3 dxc4 5. a4 Nc6 6. e3 Na5 7. Ne5 c5 8. Nxc4
Nf6 9. dxc5 Qxd1+ 10. Kxd1 Nb3 11. Rb1 Bxc5 12. Kc2 Nxc1 13. Kxc1 Bb4 14. Na2
Be7 15. Nb6 Rb8 16. b4 Bd8 17. Nc4 Nd5 18. Kb2 Be7 19. Ka3 b6 20. Ne5 Bb7 21.
e4 Nxb4 22. Nxb4 f6 23. Ka2 Bxb4 24. Rxb4 fxe5 25. Bc4 Bxe4 26. Bxe6 Bg6 27.
Re1 Rf8 28. f3 a5 29. Rg4 Rf4 30. Rxe5 Rxg4 31. Bxg4+ Kf8 32. Ka3 Rd8 33. Bf5
Bf7 34. Rb5 Rd6 35. h3 h6 36. Be4 Ke7 37. g4 g5 38. Kb2 Be8 39. Re5+ Re6 40.
Rxe6+ Kxe6 41. Kb3 Ke5 42. Ka3 Kf4 43. Kb3 Kg3 44. Bd5 Kxh3 45. Be4 Kg3 46. Bd5
b5  0-1

[Event "Marienbad Open 2022 - B2 IM Round Robin"]
[Site "Continental hotel, Marianske Lazne"]
[Date "2022.01.21"]
[Round "8"]
[Board "2"]
[White "Pisk, Petr"]
[Black "Klek, Hanna Marie"]
[Result "1-0"]
[WhiteElo "2329"]
[BlackElo "2341"]
[PlyCount "137"]
[EventDate "2022.01.15"]
[EventRounds "9"]
[EventCountry "CZE"]

1. d4 d5 2. Nf3 Nf6 3. g3 e6 4. Bg2 Be7 5. O-O O-O 6. Nbd2 c5 7. e3 Nc6 8. b3
cxd4 9. exd4 Bd7 10. Bb2 Qb6 11. Re1 Rfc8 12. Bf1 Be8 13. c3 a5 14. a4 Bf8 15.
Bd3 Ne7 16. Ne5 Nf5 17. g4 Nd6 18. g5 Nfe4 19. Nxe4 dxe4 20. Bxe4 Nxe4 21. Rxe4
f6 22. Nd3 Bg6 23. Re3 fxg5 24. Ne5 Bf5 25. Ba3 Bxa3 26. Rxa3 Rc7 27. Ra2 Rf8
28. Rd2 Qd6 29. d5 exd5 30. Rxd5 Qf6 31. Rd6 Be6 32. Nf3 Rc6 33. Rexe6 Rxd6 34.
Rxd6 Qxf3 35. Qxf3 Rxf3 36. Rd8+ Kf7 37. Rc8 Kg6 38. Kg2 Rf6 39. Rc5 b6 40. Rb5
Kh5 41. Kg3 h6 42. h4 Rd6 43. hxg5 hxg5 44. c4 Kg6 45. Rd5 Rf6 46. c5 bxc5 47.
Rxc5 Rd6 48. Rxa5 Rd3+ 49. Kg4 Rxb3 50. Rxg5+ Kh6 51. Rb5 Ra3 52. Rb4 g6 53.
Kf4 Ra2 54. f3 Ra3 55. Kg4 Ra1 56. Kf4 Ra3 57. Kg4 Ra1 58. f4 Kg7 59. Rb7+ Kf6
60. Rb6+ Kf7 61. Ra6 Ra3 62. a5 Kg7 63. Ra8 Kf6 64. a6 Kg7 65. f5 Kf7 66. Kg5
Rg3+ 67. Kf4 Ra3 68. a7 Kg7 69. f6+  1-0

[Event "Marienbad Open 2022 - B2 IM Round Robin"]
[Site "Continental hotel, Marianske Lazne"]
[Date "2022.01.21"]
[Round "8"]
[Board "3"]
[White "Michalek, Jan"]
[Black "Vojta, Jakub"]
[Result "0-1"]
[WhiteElo "2249"]
[BlackElo "2216"]
[PlyCount "98"]
[EventDate "2022.01.15"]
[EventRounds "9"]
[EventCountry "CZE"]

1. e4 e6 2. Qe2 c5 3. Nf3 Nc6 4. g3 Be7 5. Bg2 d5 6. d3 Nf6 7. O-O O-O 8. e5
Nd7 9. c4 b5 10. cxb5 Na5 11. Nc3 a6 12. bxa6 Bxa6 13. Rd1 Nc6 14. h4 Rb8 15.
Bf4 Rb4 16. b3 Bxh4 17. a3 Rxb3 18. Qc2 Rxc3 19. Qxc3 Be7 20. d4 Be2 21. Re1
Bxf3 22. Qxf3 Nxd4 23. Qd3 Qa5 24. a4 Nb8 25. Bd2 Qa6 26. Qxa6 Nxa6 27. Rab1 c4
28. Rb7 Nb3 29. Bf4 Bc5 30. Rb1 Nb4 31. Bf1 h6 32. Rb5 Rc8 33. a5 Rc6 34. Rb8+
Kh7 35. Rb7 Kg8 36. Rb8+ Bf8 37. Be3 g5 38. Ra8 Kg7 39. a6 Nxa6 40. Rxa6 Rxa6
41. Rxb3 Ra1 42. Rc3 Bb4 43. Rc1 Rxc1 44. Bxc1 Kg6 45. f4 Kf5 46. Kf2 g4 47.
Be3 h5 48. Be2 Ke4 49. Bb6 c3  0-1

[Event "Marienbad Open 2022 - B2 IM Round Robin"]
[Site "Continental hotel, Marianske Lazne"]
[Date "2022.01.21"]
[Round "8"]
[Board "4"]
[White "Bomans, Arno"]
[Black "Ochedzan, Tymon"]
[Result "0-1"]
[WhiteElo "2246"]
[BlackElo "2350"]
[PlyCount "86"]
[EventDate "2022.01.15"]
[EventRounds "9"]
[EventCountry "CZE"]

1. d4 Nf6 2. Bg5 c5 3. Nc3 cxd4 4. Qxd4 Nc6 5. Qh4 e6 6. e4 Be7 7. f4 Qb6 8.
O-O-O Qe3+ 9. Kb1 Nxe4 10. Nxe4 Qxe4 11. Bxe7 Nxe7 12. Bd3 Ng6 13. Qh3 Qxf4 14.
Ne2 Qe5 15. Rhe1 O-O 16. Nc3 Qa5 17. Re4 d5 18. Qh5 f5 19. Ra4 Qc5 20. g4 Bd7
21. gxf5 exf5 22. Ra3 Rae8 23. Ne2 Re5 24. Rc3 Qe7 25. Qf3 Bc6 26. Nd4 Qf6 27.
a3 f4 28. Qf2 Kh8 29. Rg1 Ne7 30. Nf3 Re3 31. Ng5 g6 32. h4 d4 33. Rc5 h6 34.
Qh2 f3 35. Nh7 Kxh7 36. h5 f2 37. hxg6+ Kg7 38. Rf1 Re1+ 39. Ka2 Rxf1 40. Bxf1
Nd5 41. b3 Qe7 42. Rc4 Ne3 43. Rc5 Nxf1  0-1

[Event "Marienbad Open 2022 - B2 IM Round Robin"]
[Site "Continental hotel, Marianske Lazne"]
[Date "2022.01.21"]
[Round "8"]
[Board "5"]
[White "Acor, Corey"]
[Black "Meszaros, Andras"]
[Result "1-0"]
[WhiteElo "2303"]
[BlackElo "2217"]
[PlyCount "109"]
[EventDate "2022.01.15"]
[EventRounds "9"]
[EventCountry "CZE"]

1. e4 c5 2. Nc3 Nc6 3. g3 g6 4. Bg2 Bg7 5. d3 e6 6. Be3 d6 7. Nf3 Nd4 8. O-O
Ne7 9. Qd2 O-O 10. Bh6 Bxh6 11. Qxh6 Nxf3+ 12. Bxf3 e5 13. Bg2 f6 14. Qd2 Bd7
15. f4 Kg7 16. Rf2 Qb6 17. Raf1 Rab8 18. Nd1 Qc7 19. Ne3 Rbd8 20. c3 b6 21. d4
Bc8 22. b3 Ba6 23. Rd1 Bb7 24. fxe5 dxe5 25. d5 Qd7 26. Rdf1 Ba6 27. c4 Bc8 28.
Qc3 Qd6 29. Nd1 Ng8 30. Nb2 Nh6 31. Nd3 Bd7 32. h3 Ng8 33. Rb1 Rc8 34. a3 Ne7
35. Rc2 Rc7 36. b4 Nc8 37. Rf2 Qe7 38. bxc5 bxc5 39. Rbf1 Nd6 40. Nxe5 Bxh3 41.
Nc6 Rxc6 42. dxc6 Bxg2 43. Rxg2 Qxe4 44. Rgf2 Qd4 45. Qxd4 cxd4 46. Rf4 Nxc4
47. Rxd4 Ne5 48. Rd6 f5 49. c7 Rc8 50. Rc1 Nf7 51. Ra6 Kf8 52. Rxa7 Ke7 53. a4
Nd6 54. a5 Kd7 55. a6  1-0

[Event "Marienbad Open 2022 - B2 IM Round Robin"]
[Site "Continental hotel, Marianske Lazne"]
[Date "2022.01.22"]
[Round "9"]
[Board "2"]
[White "Ochedzan, Tymon"]
[Black "Acor, Corey"]
[Result "0-1"]
[WhiteElo "2350"]
[BlackElo "2303"]
[PlyCount "120"]
[EventDate "2022.01.15"]
[EventRounds "9"]
[EventCountry "CZE"]

1. e4 e5 2. Nf3 Nc6 3. Bb5 a6 4. Ba4 Nf6 5. O-O Nxe4 6. Re1 Nc5 7. Bxc6 dxc6 8.
Nxe5 Be7 9. d4 Ne6 10. Be3 O-O 11. c4 f6 12. Nf3 f5 13. Bd2 Bf6 14. Bc3 Rb8 15.
Qd3 Nxd4 16. Nxd4 c5 17. Rd1 cxd4 18. Bxd4 Re8 19. Nc3 Bxd4 20. Qxd4 Re1+ 21.
Rxe1 Qxd4 22. Rad1 Qxc4 23. Rd8+ Kf7 24. h3 Qc5 25. Re3 b5 26. Ne2 Ra8 27. Nf4
Qc1+ 28. Kh2 Qc6 29. Nd3 Qxg2+ 30. Kxg2 Bb7+ 31. Kg3 Rxd8 32. b4 Rd4 33. a3 g5
34. f4 h6 35. h4 Kf6 36. hxg5+ hxg5 37. Kf2 gxf4 38. Rh3 f3 39. Ne1 Rd2+ 40.
Kf1 f2 41. Nd3 Ra2 42. Nxf2 f4 43. Rc3 Bd5 44. Ke1 Bc4 45. Ne4+ Ke5 46. Nd2 Bd5
47. Rd3 c6 48. Rh3 Kf5 49. Rd3 Ke5 50. Kd1 Ra1+ 51. Ke2 Bc4 52. Nxc4+ bxc4 53.
Rc3 Kd4 54. Rf3 Ra2+ 55. Ke1 c3 56. Kd1 Kc4 57. Rxf4+ Kb3 58. Rf6 Ra1+ 59. Ke2
c2 60. Rxc6 c1=Q  0-1

[Event "Marienbad Open 2022 - B2 IM Round Robin"]
[Site "Continental hotel, Marianske Lazne"]
[Date "2022.01.22"]
[Round "9"]
[Board "3"]
[White "Vojta, Jakub"]
[Black "Bomans, Arno"]
[Result "0-1"]
[WhiteElo "2216"]
[BlackElo "2246"]
[PlyCount "62"]
[EventDate "2022.01.15"]
[EventRounds "9"]
[EventCountry "CZE"]

1. e4 c5 2. Nf3 d6 3. d4 cxd4 4. Nxd4 Nf6 5. f3 e5 6. Nb3 d5 7. Bg5 d4 8. c3
Nc6 9. Bb5 h6 10. Bh4 Qb6 11. Bxc6+ bxc6 12. cxd4 Ba6 13. Bg3 Rd8 14. Bxe5 Nd7
15. Bf4 Nc5 16. dxc5 Rxd1+ 17. Kxd1 Bxc5 18. Kc2 O-O 19. Rd1 Be3 20. Bxe3 Qxe3
21. Nc3 Qg5 22. Rd2 Rd8 23. Rxd8+ Qxd8 24. Rd1 Qh4 25. Nd4 Qxh2 26. Nxc6 Qxg2+
27. Rd2 Qxf3 28. Nxa7 Bb7 29. b4 Bxe4+ 30. Kb3 Qe3 31. Re2 Bd5+  0-1

[Event "Marienbad Open 2022 - B2 IM Round Robin"]
[Site "Continental hotel, Marianske Lazne"]
[Date "2022.01.22"]
[Round "9"]
[Board "5"]
[White "Richter, Nils"]
[Black "Pisk, Petr"]
[Result "1-0"]
[WhiteElo "2270"]
[BlackElo "2329"]
[PlyCount "119"]
[EventDate "2022.01.15"]
[EventRounds "9"]
[EventCountry "CZE"]

1. d4 d5 2. c4 e6 3. Nf3 c5 4. cxd5 exd5 5. g3 Nc6 6. Bg2 Nf6 7. O-O cxd4 8.
Nxd4 Bc5 9. Nxc6 bxc6 10. Qc2 Qb6 11. Nc3 Be7 12. e4 Be6 13. Be3 Qb7 14. exd5
cxd5 15. Qa4+ Bd7 16. Qb3 Qxb3 17. axb3 Be6 18. Rxa7 Rxa7 19. Bxa7 O-O 20. Rd1
Rd8 21. Bd4 h5 22. Bxf6 Bxf6 23. Nxd5 Bxd5 24. Bxd5 h4 25. b4 Rb8 26. b3 Rxb4
27. Rc1 Rd4 28. Rc8+ Kh7 29. Bxf7 Rd2 30. Bc4 Bd4 31. Rf8 hxg3 32. hxg3 Rb2 33.
Kf1 g5 34. f4 Rf2+ 35. Ke1 Rf3 36. f5 g4 37. Bd5 Rxg3 38. f6 Re3+ 39. Kf1 Re5
40. f7 Bc5 41. Rc8 Rf5+ 42. Kg2 Rxd5 43. Rxc5 Rd2+ 44. Kg3 Kg7 45. Rf5 Kf8 46.
Kxg4 Rg2+ 47. Kh5 Rh2+ 48. Kg6 Rg2+ 49. Kf6 Rg3 50. b4 Rb3 51. Rd5 Rf3+ 52. Ke6
Rf6+ 53. Kd7 Rxf7+ 54. Kc6 Ke8 55. b5 Rf1 56. b6 Rc1+ 57. Rc5 Rb1 58. b7 Kd8
59. Rd5+ Ke7 60. Rb5  1-0

[Event "Marienbad Open 2022 - B3 IM Round Robin"]
[Site "Continental hotel, Marianske Lazne"]
[Date "2022.01.15"]
[Round "1"]
[Board "4"]
[White "Hollan, Martin"]
[Black "Bubalovic, Davorin"]
[Result "1-0"]
[WhiteElo "2362"]
[BlackElo "2220"]
[PlyCount "103"]
[EventDate "2022.01.15"]
[EventRounds "9"]
[EventCountry "CZE"]

1. e4 c5 2. Nf3 d6 3. d4 cxd4 4. Nxd4 Nf6 5. Nc3 a6 6. Be3 e5 7. Nde2 Be7 8.
Ng3 O-O 9. Bc4 Nc6 10. O-O Be6 11. Nd5 Rc8 12. Bb6 Qd7 13. c3 Bd8 14. Bxd8 Qxd8
15. a4 Bxd5 16. exd5 Ne7 17. Ba2 Re8 18. c4 Qa5 19. Qb3 h5 20. Qa3 h4 21. b4
Qb6 22. a5 Qd4 23. Rad1 Qf4 24. Ne2 Qg4 25. Rfe1 Nf5 26. h3 Qg5 27. Qf3 g6 28.
c5 e4 29. Qc3 Nh5 30. Bb1 e3 31. Bxf5 exf2+ 32. Kxf2 Qxf5+ 33. Qf3 Qxf3+ 34.
gxf3 dxc5 35. d6 Red8 36. Nc3 Nf6 37. b5 axb5 38. Nxb5 Ra8 39. Re7 Rd7 40. Nc7
Rad8 41. Rxd7 Nxd7 42. Rb1 Ne5 43. Rxb7 Rxd6 44. a6 Rd2+ 45. Ke3 Nc4+ 46. Kf4
Kg7 47. Ne6+ Kf6 48. Ng5 Nd6 49. Rxf7+ Nxf7 50. Ne4+ Ke6 51. Nxd2 g5+ 52. Ke3
 1-0

[Event "Marienbad Open 2022 - B3 IM Round Robin"]
[Site "Continental hotel, Marianske Lazne"]
[Date "2022.01.16"]
[Round "2"]
[Board "1"]
[White "Jasny, Stanislav"]
[Black "Mannion, Stephen R"]
[Result "1/2-1/2"]
[WhiteElo "2299"]
[BlackElo "2271"]
[PlyCount "25"]
[EventDate "2022.01.15"]
[EventRounds "9"]
[EventCountry "CZE"]

1. d4 d5 2. Nf3 Nf6 3. e3 c5 4. c3 b6 5. Bb5+ Bd7 6. Bd3 g6 7. Nbd2 Bg7 8. Qe2
O-O 9. dxc5 bxc5 10. e4 e6 11. e5 Ne8 12. O-O Nc6 13. Re1  1/2-1/2

[Event "Marienbad Open 2022 - B3 IM Round Robin"]
[Site "Continental hotel, Marianske Lazne"]
[Date "2022.01.16"]
[Round "2"]
[Board "2"]
[White "Bubalovic, Davorin"]
[Black "Pourquet, Matthieu"]
[Result "0-1"]
[WhiteElo "2220"]
[BlackElo "2201"]
[PlyCount "82"]
[EventDate "2022.01.15"]
[EventRounds "9"]
[EventCountry "CZE"]

1. e4 c5 2. Nf3 g6 3. d4 cxd4 4. Nxd4 Nc6 5. c4 Nf6 6. Nc3 Nxd4 7. Qxd4 d6 8.
Be2 Bg7 9. Be3 O-O 10. Qd1 Be6 11. O-O a6 12. f3 Qa5 13. Rb1 Rfc8 14. b4 Qd8
15. Nd5 Bxd5 16. exd5 Qd7 17. Bb6 Qf5 18. Bd3 Qf4 19. Re1 Re8 20. Be3 Qh4 21.
Bf2 Qh5 22. g4 Qg5 23. Kg2 Nh5 24. h4 Nf4+ 25. Kf1 Qh6 26. Re4 Be5 27. Qd2 g5
28. h5 Qf6 29. Rb3 h6 30. Bb1 Rac8 31. a4 e6 32. dxe6 Qxe6 33. Qc2 f5 34. Rxe5
dxe5 35. c5 Kg7 36. b5 Rcd8 37. bxa6 Qxa6+ 38. Rb5 Rd3 39. Kg1 Qc6 40. Qa2 Rd1+
41. Kh2 Rh1+  0-1

[Event "Marienbad Open 2022 - B3 IM Round Robin"]
[Site "Continental hotel, Marianske Lazne"]
[Date "2022.01.16"]
[Round "2"]
[Board "3"]
[White "Schmider, Niklas"]
[Black "Hollan, Martin"]
[Result "1-0"]
[WhiteElo "2330"]
[BlackElo "2362"]
[PlyCount "105"]
[EventDate "2022.01.15"]
[EventRounds "9"]
[EventCountry "CZE"]

1. e4 e5 2. Nf3 Nc6 3. Bb5 a6 4. Ba4 Nf6 5. O-O Be7 6. Re1 b5 7. Bb3 Bb7 8. d3
O-O 9. Nc3 d6 10. a3 Nd4 11. Nxd4 exd4 12. Ne2 c5 13. Ng3 Bc8 14. h3 Be6 15.
Bxe6 fxe6 16. e5 dxe5 17. Rxe5 Qd7 18. Ne4 Nxe4 19. Rxe4 Bd6 20. Qg4 Rf6 21.
Bf4 Raf8 22. Bxd6 Qxd6 23. Re2 Rf4 24. Qg3 e5 25. Rae1 R8f5 26. Re4 Rxe4 27.
Rxe4 c4 28. Qg4 g6 29. Qe2 c3 30. bxc3 dxc3 31. a4 bxa4 32. Rxa4 Qb6 33. Rc4 a5
34. Rxc3 a4 35. Qe3 Rf6 36. Qxe5 Qxf2+ 37. Kh2 Qf4+ 38. Qxf4 Rxf4 39. Kg3 g5
40. Rc5 h6 41. Ra5 Rb4 42. Kf3 Rb2 43. c4 Rd2 44. Ke4 Re2+ 45. Kd5 Rxg2 46. c5
Rg3 47. d4 a3 48. c6 Rc3 49. Kd6 h5 50. Rxg5+ Kf7 51. c7 Rc4 52. d5 Kf6 53. Rg3
 1-0

[Event "Marienbad Open 2022 - B3 IM Round Robin"]
[Site "Continental hotel, Marianske Lazne"]
[Date "2022.01.16"]
[Round "2"]
[Board "4"]
[White "Kantorik, Marian"]
[Black "Krawczyk, Flawian"]
[Result "1-0"]
[WhiteElo "2209"]
[BlackElo "2161"]
[PlyCount "77"]
[EventDate "2022.01.15"]
[EventRounds "9"]
[EventCountry "CZE"]

1. d4 Nf6 2. c4 g6 3. Nc3 Bg7 4. e4 d6 5. f3 O-O 6. Be3 c5 7. d5 e6 8. Bd3 exd5
9. cxd5 Nbd7 10. Nge2 Ne5 11. O-O a6 12. a4 Rb8 13. a5 Bd7 14. b3 Nxd3 15. Qxd3
Ne8 16. Ra2 f5 17. Rb1 g5 18. b4 f4 19. Bf2 c4 20. Qxc4 g4 21. Qd3 Qg5 22. fxg4
Qxg4 23. Nd4 Nf6 24. h3 Qg6 25. Ne6 Bxe6 26. dxe6 Rfe8 27. Qxd6 Rbd8 28. Qxf4
Rxe6 29. Qf5 Qe8 30. Rf1 Re5 31. Qf3 Nxe4 32. Nxe4 Rxe4 33. Bc5 Qg6 34. Raf2
Rd7 35. Qb3+ Qe6 36. Qg3 h6 37. Rf6 Qxf6 38. Rxf6 Rd1+ 39. Rf1  1-0

[Event "Marienbad Open 2022 - B3 IM Round Robin"]
[Site "Continental hotel, Marianske Lazne"]
[Date "2022.01.16"]
[Round "2"]
[Board "5"]
[White "Mica, Marek"]
[Black "Dev, Shah"]
[Result "0-1"]
[WhiteElo "2305"]
[BlackElo "2248"]
[PlyCount "80"]
[EventDate "2022.01.15"]
[EventRounds "9"]
[EventCountry "CZE"]

1. c4 c5 2. Nf3 Nf6 3. g3 Nc6 4. Nc3 d5 5. cxd5 Nxd5 6. Bg2 Nc7 7. O-O e5 8. d3
Be7 9. Nd2 Bd7 10. Nc4 f6 11. f4 b5 12. Ne3 exf4 13. Nf5 O-O 14. Nxe7+ Qxe7 15.
Bxf4 Ne6 16. Nd5 Qf7 17. Bd6 Rfe8 18. Rc1 Rac8 19. e4 Ncd4 20. Be5 Ng5 21. Bd6
h5 22. Rxc5 Rxc5 23. Bxc5 Bg4 24. Qa1 Ne2+ 25. Kh1 f5 26. Qe1 Qd7 27. Qd2 Ne6
28. Be3 fxe4 29. dxe4 Nf8 30. Bf2 Ng6 31. Qg5 Kh7 32. Qd2 h4 33. gxh4 Ngf4 34.
Rd1 Qf7 35. Nxf4 Nxf4 36. Re1 Nxg2 37. Kxg2 Qf3+ 38. Kg1 Bh3 39. Bg3 Rxe4 40.
Rxe4 Qf1#  0-1